000 01004nmm a2200289 a 4500
001 ocm0001083867
003 TR-IsHL
005 20201028151711.0
008 150709s2014 tu tur
007 cr cn
020 _a9789944254489
035 _a1083867
_b(N$T)
050 0 4 _aPA3855.T8
_bA47 2014
090 0 4 _aPA3855.T8
_bA47 2014
100 1 _aAisopos
245 1 0 _aEzop masalları
_h[electronic resource] /
_cAisopos ; editör Öykü Zerrem ; kapak ve iç resimler Kenan Tunca
260 _aİstanbul :
_bPolat Kitapçılık,
_c2014
300 _a80 p.
650 4 _aDil ve Edebiyat
650 4 _aLanguage and Literature
650 0 _aMasallar, Yunan
_x Türkçe çeviriler
650 0 _aFables, Greek
_x Translations into Turkish
650 7 _aJUVENILE FICTION / Legends, Myths, Fables / Greek & Roman
_2bisacsh
700 1 _aZerrem, Öykü
700 1 _aTunca, Kenan
856 4 0 _uhttp://search.ebscohost.com/login.aspx?direct=true&scope=site&db=e011xww&AN=1083867
999 _c11142
_d11142